| 000 | 00655cam a22002291 4500 | ||
|---|---|---|---|
| 001 | med47002721 | ||
| 003 | DLC | ||
| 005 | 20260227111607.0 | ||
| 008 | 810920s1946 xx a 000 0 fre | ||
| 010 | _amed47002721 | ||
| 035 | _a(OCoLC)14748359 | ||
| 040 |
_aDLC _cDNLM _dDLC |
||
| 042 | _apremarc | ||
| 050 | 0 | 0 |
_aRG125 _b.J4 1946 |
| 060 | 0 |
_aWP 650 _bJ43f 1946 |
|
| 100 | 1 |
_aJeanneney, Georges, _d1891-1945. |
|
| 245 | 1 | 0 |
_aFormulaire gynécologique du praticien, _cpar G. Jeanneney ... et Marc Rosset ... |
| 250 | _a4. éd. rev., corr. et augm. | ||
| 260 |
_aParis, _bDoin, _c1946. |
||
| 300 |
_a318 p. _bill. |
||
| 700 | 1 | _aRosset-Bressand, Marc. | |
| 999 |
_c38674 _d38674 |
||